Statystyki dla Państwa Europy na Mapie

Kliknij tutaj aby rozwiązać quiz!

Ogólne statystyki

  • Ten quiz został rozwiązany 63 razy
  • Średni wynik to 42 z 45

Odpowiedzi na mapie

Odpowiedzi skodowane kolorowo w zielono-czerwonej skali na mapie do tego quizu, zgodnie z poniższymi procentami.
 

Statystyki odpowiedzi

Państwo% Poprawnych
Czechy
98%
Grecja
98%
Polska
98%
Słowacja
98%
Włochy
98%
Austria
96%
Białoruś
96%
Estonia
96%
Finlandia
96%
Francja
96%
Hiszpania
96%
Litwa
96%
Łotwa
96%
Niemcy
96%
Norwegia
96%
Portugalia
96%
Rosja
96%
Szwecja
96%
Ukraina
96%
Belgia
94%
Dania
94%
Irlandia
94%
Islandia
94%
Mołdawia
94%
Rumunia
94%
Węgry
94%
Wielka Brytania
94%
Albania
92%
Holandia
92%
Luksemburg
92%
Szwajcaria
92%
Watykan
92%
Bośnia i Hercegowina
90%
Bulgaria
90%
Czarnogóra
90%
Kosowo
90%
San Marino
88%
Serbia
88%
Słowenia
88%
Chorwacja
86%
Liechtenstein
86%
Macedonia Północna
86%
Monako
84%
Andora
82%
Malta
76%

Rozkład punktacji

Percentyl według liczby udzielonych odpowiedzi

Procent ludzi z każdym wynikiem

Twoja historia wyników

Nie rozwiązałeś tego quizu